| 000 -LEADER |
| fixed length control field |
00569cam a22001935i 4500 |
| 003 - CONTROL NUMBER IDENTIFIER |
| control field |
OSt |
| 005 - DATE AND TIME OF LATEST TRANSACTION |
| control field |
20240116110916.0 |
| 008 - FIXED-LENGTH DATA ELEMENTS--GENERAL INFORMATION |
| fixed length control field |
210412s2021 mau 000 0 eng |
| 020 ## - INTERNATIONAL STANDARD BOOK NUMBER |
| International Standard Book Number |
9783035621426 |
| Qualifying information |
(paperback) |
| 082 ## - DEWEY DECIMAL CLASSIFICATION NUMBER |
| Classification number |
624.1771 |
| Item number |
WAT |
| 100 1# - MAIN ENTRY--PERSONAL NAME |
| Personal name |
Watts, Andrew, |
| Relator term |
author. |
| 245 10 - TITLE STATEMENT |
| Title |
Modern structural design : |
| Remainder of title |
constructing complex forms / |
| Statement of responsibility, etc |
Andrew Watts. |
| 250 ## - EDITION STATEMENT |
| Edition statement |
2. |
| 263 ## - PROJECTED PUBLICATION DATE |
| Projected publication date |
1111 |
| 300 ## - PHYSICAL DESCRIPTION |
| Extent |
pages cm |
| 906 ## - LOCAL DATA ELEMENT F, LDF (RLIN) |
| a |
0 |
| b |
ibc |
| c |
orignew |
| d |
2 |
| e |
epcn |
| f |
20 |
| g |
y-gencatlg |
| 942 ## - ADDED ENTRY ELEMENTS (KOHA) |
| Source of classification or shelving scheme |
|
| 955 ## - COPY-LEVEL INFORMATION (RLIN) |
| Book number/undivided call number, CCAL (RLIN) |
xd06 2021-04-12 |
| Classification number, CCAL (RLIN) |
xn11 2022-10-17 1 copy rec'd., to USASH |